Tres estudios literarios

Enregistré dans:
Détails bibliographiques
Auteur principal: Brizuela Aybar, Eduardo (Auteur)
Format: Livre
Langue:espagnol
Publié: San Juan Universidad Nacional de San Juan 1983
Sujets:
Tags: Ajouter un tag
Pas de tags, Soyez le premier à ajouter un tag!

MARC

LEADER 00000nam a2200000 a 4500
001 UCT7652
003 CL-VaPUC
008 970123e19830000AG |||||||||||||||||spa|d
082 0 4 |a Ar861.09  |b BRI  |2 21 
100 0 |a Brizuela Aybar, Eduardo  |e author  |9 378674 
245 1 0 |a Tres estudios literarios 
300 |a 85 p 
942 |c BK 
945 |d 19970123 00:00:00  |a rleighto 
260 |a San Juan  |b Universidad Nacional de San Juan  |c 1983 
600 0 7 |a MASTRONARDI, CARLOS  |2 CL-VaPUC  |9 378675 
600 0 7 |a MARTINEZ HOWARD, ALFREDO  |2 CL-VaPUC  |9 378676 
600 0 7 |a ELIAS, DANIEL  |2 CL-VaPUC  |9 378677 
650 0 |a Literatura argentina  |9 320596 
650 7 |a POESIA ARGENTINA  |2 CL-VaPUC  |9 268280 
650 0 |a Crítica literaria   |9 269189 
650 0 |a Crítica e interpretación   |9 255042 
583 |a last modification  |c 19970123 00:00:00  |k Rodrigo Vera 
999 |c 256207  |d 256205 
952 |0 0  |1 0  |4 0  |6 AR_861_090000000000000_BRI_1983  |7 0  |8 A  |9 278804  |a BIBEDU  |b BIBEDU  |d 2019-11-19  |i 3267067  |o Ar861.09 BRI 1983  |p 3267067  |r 2019-11-19  |w 2019-11-19  |y BK  |k LIT